[Event "Match"]
[Site "www.echecsemail.com"]
[Date "2018.06.15"]
[Round "1"]
[White "Pwain"]
[Black "Ericleo1980"]
[WhiteElo "2480"]
[BlackElo "2240"]
[Result "1-0"]
[Round "1"]
1.e4 c5
2.Ng1f3 d6
3.Bf1b5 Nb8d7
4.O-O a6
5.Bb5xd7 Bc8xd7
6.Rf1e1 e6
7.d4 cxd4
8.Qd1xd4 Ng8f6
9.Nb1c3 Bf8e7
10.Bc1g5 Qd8c7
11.Ra1d1 Ra8c8
12.e5 dxe5
13.Nf3xe5 Bd7c6
14.Ne5xc6 Qc7xc6
15.Qd4h4 O-O
16.Nc3e4 Qc6xc2
17.Bg5xf6 Be7xf6
18.Ne4xf6 gxf6
19.Qh4xf6 Qc2g6
20.Qf6e7 b5
21.Re1e3 Kh8
22.Re3g3 Qg6h6
23.h3 Rc8e8
24.Qe7d6 Qh6f6
25.Qd6xa6 Qf6xb2
26.Rd1d7 Qb2c1
27.Kh2 Qc1f4
28.Qa6xb5 e5
29.a4 h5
30.Qb5e2 Qf4f5
31.h4 Rf8g8
32.Rg3xg8 Kxg8
33.Rd7b7 Qf5f4
34.g3 Qf4xa4
35.Qe2xh5 Qa4a2
36.Qh5g5 Kf8
37.Qg5f6 Kg8
38.Rb7b6 Qa2d2
39.h5 Qd2e2
40.Qf6g5 Kf8
41.Qg5f5 e4
42.Rb6f6 Qe2a2
43.h6 e3
44.Qf5c5 Kg8
45.Qc5g5 Kf8
46.h7 { time. }
1-0

[Event "Match"]
[Site "www.echecsemail.com"]
[Date "2018.06.15"]
[Round "1"]
[White "Lug47"]
[Black "Storzman"]
[WhiteElo "1349"]
[BlackElo "1579"]
[Result "0-1"]
[Round "1"]
1.d4 g6
2.Ng1f3 Bf8g7
3.Nb1c3 c5
4.e3 f5
5.Bf1c4 d6
6.O-O Nb8d7
7.dxc5 Bg7xc3
8.bxc3 Nd7xc5
9.Bc4b5 Bc8d7
10.Bb5c4 Ng8f6
11.Qd1d4 Qd8c7
12.Bc1a3 O-O-O
13.Ra1b1 Bd7c6
14.Ba3xc5 dxc5
15.Bc4e6 Bc6d7
16.Qd4c4 Bd7xe6
17.Qc4xe6 Kb8
18.Rb1b2 Rd8d6
19.Qe6f7 Rh8d8
20.h3 Rd6d1
21.g3 Rd1xf1
22.Kg2 Rf1d1
23.Rb2b5 b6
24.h4 Rd1d6
25.Qf7b3 Qc7c6
26.c4 Kc7
27.Qb3a4 Rd8a8
28.e4 Nf6d7
29.Qa4a6 Qc6xe4
30.a4 Nd7b8
31.Rb5xc5 bxc5
32.Qa6a5 Kd7
33.Qa5xc5 Rd6c6
34.Qc5b5 Nb8a6
35.Qb5b1 Ra8b8
36.Qb1d1 Rc6d6
37.Qd1f1 Na6c5
38.h5 Nc5xa4
39.Qf1a1 Rb8b4
40.c5 Rd6e6
41.hxg6 hxg6
42.Qa1d1 Ke8
43.c3 Na4xc3
44.Qd1a1 Nc3b5
45.Qa1h8 Kd7
46.Qh8b8 g5
47.Qb8xa7 Nb5xa7
{ resign }
0-1

[Event "Tourn. n9849"]
[Site "www.echecsemail.com"]
[Date "2018.06.15"]
[Round "1"]
[White "Fantomas"]
[Black "Cathar"]
[WhiteElo "2110"]
[BlackElo "2170"]
[Result "1/2-1/2"]
[Round "1"]
1.e4 e6
2.d4 d5
3.exd5 exd5
4.Bf1d3 Nb8c6
5.c3 Bf8d6
6.h3 Ng8e7
7.Qd1c2 Bc8e6
8.Bc1g5 Qd8d7
9.Ng1e2 Be6f5
10.Nb1d2 f6
11.Bg5f4 Bf5xd3
12.Qc2xd3 O-O-O
13.Nd2b3 g5
14.Bf4xd6 cxd6
15.a4 Ne7g6
16.Nb3c1 Rh8g8
17.b4 Ng6h4
18.g3 Nh4g6
19.Nc1b3 Rd8e8
20.Kd2 Re8e4
21.b5 Nc6d8
22.Ra1e1 Rg8e8
23.Kd1 Qd7f5
24.Rh1h2 Qf5d7
25.Nb3d2 Re4e7
26.Qd3f3 f5
27.Qf3xd5 Qd7e6
28.Qd5xe6 Nd8xe6
29.Nd2c4 Kd7
30.Nc4e3 Re7f7
31.Ne3d5 Ne6c7
32.Nd5xc7 Kxc7
33.Ne2c1 Re8xe1
34.Kxe1 Rf7e7
35.Kd2 f4
36.a5 h5
37.gxf4 Ng6xf4
38.f3 h4
39.Nc1d3 Re7g7
40.c4 Nf4h5
41.Rh2e2 Nh5g3
42.Re2e6 Kd7
43.d5 b6
44.axb6 axb6
45.Nd3f2 Rg7f7
46.Ke3 Ng3f5
47.Ke4 Nf5g3
48.Ke3 { draw }
1/2-1/2

[Event "Tourn. n9860"]
[Site "www.echecsemail.com"]
[Date "2018.06.15"]
[Round "1"]
[White "Fantomas"]
[Black "Piekki"]
[WhiteElo "2110"]
[BlackElo "2280"]
[Result "0-1"]
[Round "1"]
1.e4 e5
2.Ng1f3 Nb8c6
3.Nb1c3 Ng8f6
4.d4 exd4
5.Nf3xd4 Bf8b4
6.Nd4e2 d5
7.exd5 Nf6xd5
8.Bc1d2 O-O
9.Nc3xd5 Qd8xd5
10.c3 Bb4c5
11.Bd2f4 Qd5f5
12.Qd1b1 Rf8e8
13.f3 Qf5xf4
{ resign }
0-1

[Event "Match"]
[Site "www.echecsemail.com"]
[Date "2018.06.15"]
[Round "1"]
[White "Guillaumefi"]
[Black "Sonny1000"]
[WhiteElo "1619"]
[BlackElo "1570"]
[Result "1-0"]
[Round "1"]
1.c4 e5
2.Nb1c3 c6
3.g3 Nb8a6
4.d3 f5
5.Bf1g2 Ng8f6
6.e4 Na6b4
7.a3 Nb4a6
8.Bc1g5 fxe4
9.Nc3xe4 Na6c5
10.Ne4xf6 gxf6
11.Bg5e3 Qd8a5
12.Ke2 d6
13.Be3xc5 Qa5xc5
14.b4 Bc8g4
15.Bg2f3 Bg4xf3
16.Ng1xf3 Qc5b6
17.Nf3h4 Rh8g8
18.Nh4f5 Ra8d8
19.Qd1g1 Rg8g5
20.g4 Kd7
21.f4 Qb6xg1
22.Rh1xg1 exf4
23.Kf3 h5
24.Kxf4 Rg5xg4
25.Rg1xg4 hxg4
26.Ra1e1 Rd8e8
27.Re1xe8 Kxe8
28.Kxg4 Kf7
29.h4 Kg6
30.h5 Kh7
31.d4 a6
32.Kf4 b6
33.Ke4 Kg8
34.d5 cxd5
35.Kxd5 b5
36.cxb5 axb5
37.Nf5xd6 Bf8xd6
38.Kxd6 f5
39.Ke5 Kh7
40.Kxf5 Kh6
41.Ke5 Kxh5
42.Kd5 Kg5
43.Kc5 Kf6
44.Kxb5 Ke6
45.Kc6 { resign }
1-0

[Event "Match"]
[Site "www.echecsemail.com"]
[Date "2018.06.15"]
[Round "1"]
[White "Juheset"]
[Black "Luke1302"]
[WhiteElo "1990"]
[BlackElo "1300"]
[Result "0-1"]
[Round "1"]
1.Ng1f3 d5
2.d4 g6
3.Nb1c3 b6
4.g3 Bc8b7
5.Bf1g2 Bf8g7
6.Bc1f4 Qd8d7
7.Nf3e5 Qd7e6
8.h4 Bg7xe5
9.Bf4xe5 f6
10.Be5xc7 Nb8c6
 { time }
0-1

[Event "Tourn. n9826"]
[Site "www.echecsemail.com"]
[Date "2018.06.15"]
[Round "1"]
[White "Paes19"]
[Black "Libiesse"]
[WhiteElo "1929"]
[BlackElo "1920"]
[Result "1/2-1/2"]
[Round "1"]
1.e4 c5
2.Nb1c3 e6
3.h3 a6
4.a3 Nb8c6
5.Ng1f3 Qd8c7
6.Bf1c4 b5
7.Bc4a2 Ng8f6
8.d3 Bf8e7
9.O-O O-O
10.Bc1e3 Bc8b7
11.Ra1c1 Rf8d8
12.Qd1d2 Nc6a5
13.Nc3e2 d5
14.b4 dxe4
15.Be3f4 Qc7c8
16.Nf3e5 Na5c6
17.Ne5xc6 Qc8xc6
18.f3 exf3
19.Rf1xf3 Rd8d7
20.Ne2g3 Ra8d8
21.Bf4e5 h6
22.Qd2e1 Qc6b6
23.Qe1f2 Bb7xf3
24.gxf3 Nf6d5
25.Kh1 cxb4
26.Be5d4 Qb6c6
27.Rc1g1 Nd5f4
28.Bd4xg7 Nf4xh3
29.Qf2g2 Nh3f4
30.Qg2d2 Qc6xf3
31.Kh2 Be7d6
{ draw }
1/2-1/2

[Event "Tourn. n9855"]
[Site "www.echecsemail.com"]
[Date "2018.06.15"]
[Round "1"]
[White "Bojan"]
[Black "Fantomas"]
[WhiteElo "2020"]
[BlackElo "2090"]
[Result "0-1"]
[Round "1"]
1.e4 e5
2.Bf1c4 Ng8f6
3.Qd1f3 d6
4.h3 Nb8c6
5.a3 Nc6d4
6.Qf3c3 Nf6xe4
7.Qc3d3 Bc8f5
8.Bc4d5 Qd8h4
9.Bd5xf7 Kxf7
10.Qd3c4 Bf5e6
11.Qc4xc7 Bf8e7
12.g3 Qh4f6
13.Rh1h2 Rh8c8
14.Qc7xb7 Nd4xc2
15.Ke2 Be6c4
16.d3 Bc4xd3
17.Kxd3 Ne4c5
18.Kxc2 Nc5xb7
19.Kd1 Qf6f5
20.Bc1e3 Qf5c2
{ resign }
0-1

[Event "Tourn. n9814"]
[Site "www.echecsemail.com"]
[Date "2018.06.15"]
[Round "1"]
[White "Fegatux"]
[Black "Tartan"]
[WhiteElo "2310"]
[BlackElo "2490"]
[Result "0-1"]
[Round "1"]
1.e4 c5
2.Ng1f3 Nb8c6
3.Bf1b5 g6
4.O-O Bf8g7
5.c3 Ng8f6
6.d3 O-O
7.Bc1e3 d6
8.h3 a6
9.Bb5a4 b5
10.Ba4c2 Bc8b7
11.Nb1d2 e6
12.d4 Qd8e7
13.dxc5 dxc5
14.Nd2b3 Nf6d7
15.Qd1e2 e5
16.Ra1d1 c4
17.Nb3a1 Rf8d8
18.Rd1d2 Nd7c5
19.Rf1d1 Rd8xd2
20.Rd1xd2 Nc6d8
21.b4 Nc5xe4
22.Bc2xe4 Bb7xe4
23.Be3c5 Qe7b7
24.Nf3e1 Nd8e6
25.Bc5e3 Ne6f4
26.Qe2f1 Nf4d5
27.Be3c5 Bg7h6
28.Rd2xd5 Qb7xd5
29.f3 Be4f5
30.g4 Bf5e6
31.Qf1e2 Ra8d8
32.Bc5e3 Qd5d1
{ resign }
0-1

[Event "Tourn. n9857"]
[Site "www.echecsemail.com"]
[Date "2018.06.15"]
[Round "1"]
[White "Cristiano"]
[Black "Biggles"]
[WhiteElo "1920"]
[BlackElo "2100"]
[Result "0-1"]
[Round "1"]
1.e4 e5
2.f4 Bf8c5
3.Ng1f3 d6
4.d4 exd4
5.Nf3xd4 Ng8f6
6.Nb1c3 Nb8c6
7.Bc1e3 Bc8g4
8.Qd1d2 Bc5b6
9.Bf1b5 O-O
10.O-O Bg4d7
11.Kh1 Rf8e8
12.Nd4xc6 bxc6
13.Bb5d3 c5
14.Ra1e1 Bd7c6
15.e5 Nf6g4
16.Be3g1 Qd8h4
17.h3 Qh4xh3
{ resign }
0-1

[Event "Tourn. n9819"]
[Site "www.echecsemail.com"]
[Date "2018.06.15"]
[Round "1"]
[White "Tonino1"]
[Black "Fabos12"]
[WhiteElo "2020"]
[BlackElo "1920"]
[Result "0-1"]
[Round "1"]
1.d4 e6
2.f4 h6
3.e3 Nb8c6
4.c3 Ng8f6
5.Bf1d3 d5
6.Ng1f3 Bf8d6
7.O-O Bc8d7
8.Nf3e5 Bd6xe5
9.fxe5 Nf6g8
10.Qd1g4 g5
11.Qg4h5 Qd8e7
12.Nb1d2 O-O-O
13.Rf1xf7 Qe7e8
14.Bd3g6 Ng8e7
15.Rf7g7 Ne7xg6
16.Rg7xg6 Nc6e7
17.e4 Ne7xg6
 { time }
0-1

[Event "Match"]
[Site "www.echecsemail.com"]
[Date "2018.06.15"]
[Round "1"]
[White "Stevep84"]
[Black "Whitekknight"]
[WhiteElo "2290"]
[BlackElo "1900"]
[Result "1-0"]
[Round "1"]
1.e4 e5
2.d4 exd4
3.c3 dxc3
4.Bf1c4 Bf8b4
5.bxc3 Bb4e7
6.Qd1d5 Ng8h6
7.Bc1xh6 O-O
8.Bh6f4 c6
9.Qd5d3 d6
10.Ng1e2 Nb8d7
11.Bf4xd6 Be7xd6
12.Qd3xd6 Nd7f6
13.Qd6xd8 Rf8xd8
14.f3 b5
15.Bc4b3 c5
16.O-O Bc8a6
17.Rf1d1 Rd8xd1
18.Bb3xd1 Ra8d8
19.Nb1a3 b4
20.cxb4 cxb4
21.Na3c2 g6
22.Ne2g3 h5
23.Nc2xb4 Ba6b5
24.Bd1b3 Kg7
25.Nb4d5 Nf6xd5
26.Bb3xd5 Rd8d6
27.Ra1c1 a6
28.Rc1c7 Rd6d7
29.Rc7xd7 Bb5xd7
30.Kf2 Kf6
31.Ke3 Ke5
32.Bd5xf7 { resign }
1-0

[Event "1/64 Finale"]
[Site "www.chess-mail.com"]
[Date "2018.06.15"]
[Round "1"]
[White "Guidom"]
[Black "Hennie4820"]
[WhiteElo "2110"]
[BlackElo "2080"]
[Result "1-0"]
[Round "1"]
1.e4 c5
2.Ng1f3 e6
3.d4 cxd4
4.Nf3xd4 Ng8f6
5.Bf1d3 Qd8b6
6.c3 Nb8c6
7.Nd4b3 d6
8.O-O Bf8e7
9.Bc1g5 O-O
10.Nb1d2 h6
11.Bg5h4 Nc6e5
12.Bd3c2 Bc8d7
13.Kh1 Ra8c8
14.f4 Ne5g6
15.Bh4g3 e5
16.f5 Ng6h8
17.Nd2f3 Nf6h5
18.Nf3xe5 Nh5xg3
19.hxg3 Bd7b5
20.Ne5d3 Rf8d8
21.Nb3d4 Bb5xd3
22.Qd1xd3 d5
23.e5 Be7g5
24.f6 g6
25.Nd4f3 Qb6xb2
26.Nf3xg5 Rc8xc3
27.Qd3d4 Rc3xc2
28.Qd4h4 h5
29.Ng5f3 Rc2xg2
30.Qh4g5 Kf8
31.Qg5h6 Ke8
32.Qh6xh8 Kd7
33.Qh8g7 Rg2xg3
34.Qg7xf7 Kc8
35.Ra1c1 Kb8
36.Qf7c7 Ka8
37.Qc7xd8 { resign }
1-0

[Event "1/32 Finale"]
[Site "www.chess-mail.com"]
[Date "2018.06.15"]
[Round "1"]
[White "Esperanza"]
[Black "Guidom"]
[WhiteElo "1680"]
[BlackElo "2120"]
[Result "0-1"]
[Round "1"]
1.d4 d5
2.c4 e6
3.Nb1c3 Ng8f6
4.cxd5 exd5
5.Bc1g5 c6
6.e3 Bc8f5
7.Qd1f3 Bf5g6
8.Bg5xf6 Qd8xf6
9.Qf3xf6 gxf6
10.h4 h5
11.Kd2 Bf8b4
 { time }
0-1

[Event "1/32 Finale"]
[Site "www.chess-mail.com"]
[Date "2018.06.15"]
[Round "1"]
[White "Danquigley"]
[Black "Paes19"]
[WhiteElo "2610"]
[BlackElo "1960"]
[Result "1-0"]
[Round "1"]
1.c4 e6
2.g3 c5
3.Bf1g2 Ng8f6
4.Ng1f3 d6
5.O-O h6
6.Nb1c3 Nb8c6
7.d4 d5
8.Bc1e3 b6
9.Nf3e5 Nc6xe5
10.dxe5 Nf6g4
11.cxd5 Ng4xe3
12.fxe3 Ra8b8
13.Qd1a4 Bc8d7
14.Qa4f4 Qd8e7
15.d6 { resign }
1-0

[Event "1/64 Finale"]
[Site "www.chess-mail.com"]
[Date "2018.06.15"]
[Round "1"]
[White "Reda"]
[Black "Drawlward"]
[WhiteElo "1720"]
[BlackElo "2650"]
[Result "0-1"]
[Round "1"]
1.d4 Ng8f6
2.Bc1f4 e6
3.Nb1c3 d5
4.e3 Bf8b4
5.Qd1d3 c5
6.dxc5 Bb4xc5
7.Qd3b5 Nb8d7
8.O-O-O a6
9.Qb5b3 b5
10.a4 O-O
11.axb5 axb5
12.Qb3xb5 Ra8a1
13.Kd2 Ra1a5
14.Qb5b3 e5
15.Bf4g5 d4
16.exd4 exd4
17.Nc3e2 Nf6e4
18.Kc1 Ra5a1
{ resign }
0-1

[Event "Tourn. n9724"]
[Site "www.chess-mail.com"]
[Date "2018.06.16"]
[Round "1"]
[White "Seger"]
[Black "Stepanpech"]
[WhiteElo "2770"]
[BlackElo "2460"]
[Result "1-0"]
[Round "1"]
1.g3 d5
2.Ng1f3 c5
3.Bf1g2 Nb8c6
4.d4 e6
5.O-O Ng8f6
6.b3 Bf8e7
7.dxc5 O-O
8.Bc1b2 Be7xc5
9.a3 b5
10.Qd1d3 Bc8a6
11.Nb1d2 Qd8b6
12.b4 Bc5e7
13.e4 Rf8d8
14.Qd3e2 Ra8c8
15.Rf1d1 h6
16.Bg2f1 Qb6c7
17.exd5 Nf6xd5
18.Ra1c1 Be7f6
19.Bb2xf6 Nd5xf6
20.c3 Rd8d5
21.a4 Nc6b8
22.axb5 Rd5xb5
23.Nd2e4 Nf6xe4
24.Qe2xe4 Ba6b7
25.Qe4e3 Rb5d5
26.Rd1xd5 Bb7xd5
27.c4 Bd5a8
28.Bf1g2 a5
29.b5 Nb8d7
30.Nf3d4 Qc7c5
31.Bg2xa8 Rc8xa8
32.Qe3d3 Nd7e5
33.Qd3e4 Ra8c8
34.Nd4b3 Qc5a3
35.Qe4xe5 a4
{ time. }
1-0

[Event "Tourn. n9798"]
[Site "www.chess-mail.com"]
[Date "2018.06.16"]
[Round "1"]
[White "Loper10"]
[Black "Drawlward"]
[WhiteElo "2770"]
[BlackElo "2570"]
[Result "0-1"]
[Round "1"]
1.e4 c5
2.Ng1f3 g6
3.d4 cxd4
4.Nf3xd4 Bf8g7
5.Nb1c3 Nb8c6
6.Bc1e3 Ng8f6
7.f3 O-O
8.Qd1d2 d5
9.Nd4xc6 bxc6
10.O-O-O Qd8c7
11.exd5 cxd5
12.Qd2e1 Bc8d7
13.Be3d4 e6
14.Bd4e5 Qc7b6
15.Rd1d3 Rf8c8
16.h4 Ra8b8
17.Be5xb8 Qb6xb8
18.Nc3d1 Nf6h5
19.g4 Nh5g3
20.Rh1g1 Ng3xf1
21.Rg1xf1 Bd7b5
22.Rd3b3 Qb8c7
23.Rf1f2 Bb5c4
24.Rb3e3 Bc4xa2
25.f4 Ba2c4
26.h5 d4
{ resign }
0-1

[Event "Tourn. n9798"]
[Site "www.chess-mail.com"]
[Date "2018.06.16"]
[Round "1"]
[White "Coolant"]
[Black "Loper10"]
[WhiteElo "2330"]
[BlackElo "2770"]
[Result "1-0"]
[Round "1"]
1.Ng1f3 Ng8f6
2.d4 d5
3.Bc1f4 e6
4.e3 Bf8d6
5.Nf3e5 O-O
6.Bf1d3 c5
7.c3 Nb8c6
8.Ne5xc6 bxc6
9.dxc5 Bd6xc5
10.Nb1d2 Nf6d7
11.Qd1c2 e5
12.Bd3xh7 Kh8
13.Bf4g3 g6
14.Bh7xg6 fxg6
15.Qc2xg6 Qd8f6
16.Qg6xf6 Rf8xf6
17.Nd2f3 e4
18.Nf3d4 Bc8a6
19.b4 Bc5f8
20.a3 c5
21.bxc5 Nd7xc5
22.Ra1b1 Ba6c4
23.Kd2 Bf8g7
24.f4 { resign }
1-0

[Event "Tourn. n9798"]
[Site "www.chess-mail.com"]
[Date "2018.06.16"]
[Round "1"]
[White "Conde7"]
[Black "Loper10"]
[WhiteElo "2810"]
[BlackElo "2770"]
[Result "1-0"]
[Round "1"]
1.a3 e5
2.c4 Ng8f6
3.Nb1c3 Nb8c6
4.Ng1f3 d5
5.cxd5 Nf6xd5
6.Qd1c2 Bf8e7
7.e4 Nd5b6
8.Bf1b5 O-O
9.Bb5xc6 bxc6
10.Nf3xe5 Be7f6
11.Ne5xc6 Qd8d6
12.Nc3e2 Rf8e8
13.d4 Bc8b7
14.e5 Qd6xc6
15.Qc2xc6 Bb7xc6
16.exf6 g6
17.Rh1g1 Nb6d5
18.Kd2 Ra8d8
19.Ne2c3 Nd5f4
20.f3 { resign }
1-0

[Event "Tourn. n9798"]
[Site "www.chess-mail.com"]
[Date "2018.06.16"]
[Round "1"]
[White "Loper10"]
[Black "Numanoid"]
[WhiteElo "2770"]
[BlackElo "2450"]
[Result "0-1"]
[Round "1"]
1.e4 d6
2.d4 Ng8f6
3.Nb1c3 g6
4.f4 Bf8g7
5.Ng1f3 c5
6.Bf1b5 Bc8d7
7.e5 Nf6g4
8.e6 fxe6
9.Nf3g5 Bd7xb5
10.Ng5xe6 Bg7xd4
11.Nc3xb5 Qd8a5
12.Qd1d2 Qa5xd2
13.Bc1xd2 Kd7
14.Ne6c7 a6
15.Nc7xa8 axb5
16.a4 bxa4
{ resign }
0-1

[Event "Tourn. n9848"]
[Site "www.echecsemail.com"]
[Date "2018.06.16"]
[Round "1"]
[White "Juheset"]
[Black "Alvarin111"]
[WhiteElo "2010"]
[BlackElo "1970"]
[Result "0-1"]
[Round "1"]
1.Ng1f3 e6
2.d4 d5
3.Nb1c3 h6
4.e4 a6
5.Bc1e3 Bf8b4
6.exd5 Qd8xd5
7.Be3d2 Bb4xc3
 { time }
0-1

[Event "Tourn. n9847"]
[Site "www.echecsemail.com"]
[Date "2018.06.16"]
[Round "1"]
[White "Prize64"]
[Black "Gegonz"]
[WhiteElo "2170"]
[BlackElo "2150"]
[Result "0-1"]
[Round "1"]
1.e4 c6
2.d4 d5
3.e5 c5
4.dxc5 Nb8c6
5.Ng1f3 Bc8g4
6.Bc1e3 e6
7.Bf1b5 Ng8e7
 { time }
0-1

[Event "Tourn. n9819"]
[Site "www.echecsemail.com"]
[Date "2018.06.16"]
[Round "1"]
[White "Claudia"]
[Black "Tonino1"]
[WhiteElo "1960"]
[BlackElo "2020"]
[Result "1-0"]
[Round "1"]
1.e4 d6
2.d4 Ng8f6
3.f3 c6
4.Bc1e3 Qd8c7
5.Qd1d2 e5
6.Ng1e2 Bf8e7
7.c4 O-O
8.d5 c5
9.Nb1c3 a6
10.g4 Bc8d7
11.h4 b5
12.Ne2g3 b4
13.Nc3e2 Bd7e8
14.g5 Nf6d7
15.Ng3f5 Be7d8
16.h5 f6
17.Ne2g3 Nd7b6
18.g6 hxg6
19.hxg6 Be8xg6
20.Qd2h2 Kf7
21.Qh2h3 Qc7d7
22.Qh3g4 Bd8e7
23.Bf1h3 Rf8h8
24.O-O-O Nb6xc4
25.Be3f2 a5
26.Rd1g1 Qd7e8
27.Ng3h5 Rh8h6
28.Nf5xh6  { time }
1-0

[Event "Match"]
[Site "www.echecsemail.com"]
[Date "2018.06.16"]
[Round "1"]
[White "Biggles"]
[Black "J1j6"]
[WhiteElo "2100"]
[BlackElo "1809"]
[Result "1-0"]
[Round "1"]
1.e4 c6
2.d4 e5
3.Ng1f3 exd4
4.Qd1xd4 Qd8f6
5.e5 Qf6e7
6.Bf1e2 f6
7.O-O d5
8.exd6 Qe7xd6
9.Qd4c3 Bc8f5
10.Be2c4 b5
11.Bc4b3 Ng8e7
12.Bc1e3 Nb8d7
13.Nb1d2 Ne7d5
14.Bb3xd5 Qd6xd5
15.Ra1d1 Bf8d6
16.Nd2b3 Qd5e6
17.Qc3xc6 Bd6e5
18.Qc6xa8 Nd7b8
19.Nf3xe5 Qe6xe5
20.Rf1e1 O-O
21.Be3c5 { resign }
1-0

[Event "Tourn. n9802"]
[Site "www.echecsemail.com"]
[Date "2018.06.16"]
[Round "1"]
[White "Prize64"]
[Black "Fabos12"]
[WhiteElo "2050"]
[BlackElo "1890"]
[Result "0-1"]
[Round "1"]
1.Ng1f3 e6
2.c4 d5
3.g3 d4
4.Bf1g2 Nb8c6
5.e3 d3
6.O-O Nc6b4
7.Nb1a3 Ng8f6
8.Nf3e5 Bf8d6
9.Ne5f3 h5
10.Nf3e1 h4
11.Na3b5 Bd6c5
12.a3 Nb4a6
13.Qd1b3 c6
14.Nb5c3 e5
15.Nc3a4 e4
16.f3 Bc5xe3
17.dxe3 hxg3
 { time }
0-1

[Event "Match"]
[Site "www.echecsemail.com"]
[Date "2018.06.16"]
[Round "1"]
[White "Gidgud"]
[Black "Joseph1983"]
[WhiteElo "2029"]
[BlackElo "2240"]
[Result "0-1"]
[Round "1"]
1.e4 d6
2.d4 g6
3.Nb1c3 Bf8g7
4.Bc1e3 Ng8f6
5.f3 O-O
6.Qd1d2 Rf8e8
7.O-O-O c6
8.g4 b5
9.Nc3e2 Nf6d7
10.Ne2g3 Nd7b6
11.h4 Nb6c4
12.Bf1xc4 bxc4
13.h5 Nb8d7
14.hxg6 fxg6
15.Ng1h3 e6
16.f4 c5
17.dxc5 c3
18.bxc3 Qd8a5
19.e5 Qa5a3
{ resign }
0-1

[Event "Match"]
[Site "www.echecsemail.com"]
[Date "2018.06.16"]
[Round "1"]
[White "Tonino1"]
[Black "Llord"]
[WhiteElo "2210"]
[BlackElo "1920"]
[Result "1-0"]
[Round "1"]
1.d4 d6
2.f4 Bc8f5
3.e3 Nb8c6
4.c3 e5
5.fxe5 dxe5
6.d5 Nc6e7
7.c4 c6
8.Nb1c3 cxd5
9.cxd5 Qd8a5
10.Bf1b5 Bf5d7
11.Bb5xd7 Kxd7
12.e4 Ra8d8
13.Ng1f3 Ng8f6
14.Nf3xe5 Ke8
15.O-O Ne7g6
16.Ne5xg6 hxg6
17.Qd1f3 Bf8d6
18.Bc1f4 Bd6e7
19.Ra1d1 Qa5b6
20.Kh1 Be7d6
21.e5 Nf6h5
22.exd6 Nh5xf4
23.Rd1e1 Kf8
24.Qf3xf4 f6
25.Nc3e4 g5
26.Ne4xg5 Rh8h5
27.Ng5e6 Kg8
28.Ne6xd8 Qb6xd8
29.Qf4g4 Rh5g5
30.Qg4e6 Kh7
31.Qe6e7 { resign }
1-0

[Event "Tourn. n9849"]
[Site "www.echecsemail.com"]
[Date "2018.06.16"]
[Round "1"]
[White "Fantomas"]
[Black "Bojan"]
[WhiteElo "2110"]
[BlackElo "1980"]
[Result "1-0"]
[Round "1"]
1.e4 e5
2.Ng1f3 d6
3.Bf1c4 Qd8f6
4.Nb1c3 c6
5.h3 Bc8e6
6.Qd1e2 Nb8d7
7.Nc3d1 h6
8.d4 exd4
9.Bc4xe6 fxe6
10.O-O e5
11.Nf3h2 g5
12.c3 dxc3
13.bxc3 Ng8e7
14.Bc1e3 Nd7b6
15.Nd1b2 Ne7g6
16.g3 Bf8e7
17.a4 Nb6d7
18.Nb2c4 O-O
19.Ra1d1 Qf6e6
20.Kg2 b5
21.axb5 cxb5
22.Nc4a5 a6
23.Nh2g4 Kg7
24.Na5c6 Ra8c8
25.Nc6xe7 Qe6xe7
26.Qe2d2 Rc8c6
27.Rd1c1 Rf8c8
28.Qd2b2 Qe7e6
29.Be3d2 Nd7c5
30.Qb2c2 Qe6c4
31.Rf1e1 Nc5a4
32.Ng4e3 Qc4e6
33.Ne3d5 Ng6e7
34.Nd5b4 Rc6b6
35.Re1e3 a5
36.Nb4a2 Ne7c6
37.Qc2b1 Na4c5
38.Bd2e1 a4
39.Na2b4 Nc6a5
40.Nb4d5 Rb6b8
41.Qb1a2 Na5c4
42.Re3e2 Nc5xe4
43.Rc1d1 Ne4f6
44.Nd5b4 Nf6d7
45.Re2d2 Qe6f6
46.Nb4d5 Qf6f7
47.Rd2d3 Nd7b6
48.Rd3f3 Qf7g8
49.Nd5b4 e4
50.Rf3f5 Nb6d7
51.Nb4d5 Qg8e6
52.g4 Nd7e5
53.Qa2e2 Rc8c5
54.Qe2xe4 Rb8f8
55.h4 Rf8xf5
56.gxf5 Qe6f7
57.hxg5 hxg5
58.f6 Kg8
59.f3 Qf7h5
60.Be1f2 Rc5c8
61.Nd5e7 Kf7
62.Ne7xc8 Ke6
63.Nc8xd6 Nc4xd6
64.Qe4d5 Kxf6
65.Qd5xd6 Kf5
66.Qd6f8 Ne5f7
67.Rd1d5 Kg6
68.Bf2d4 Qh5h7
69.Qf8e7 Kh5
70.f4 Kh4
71.Rd5xg5 Qh7c2
72.Bd4f2 { resign }
1-0

[Event "Match"]
[Site "www.echecsemail.com"]
[Date "2018.06.16"]
[Round "1"]
[White "Caspito"]
[Black "Tonino1"]
[WhiteElo "1920"]
[BlackElo "2210"]
[Result "0-1"]
[Round "1"]
1.e4 d6
2.d4 Ng8f6
3.Nb1c3 c6
4.Qd1f3 Bc8g4
5.Qf3g3 Qd8c7
6.Bc1g5 Qc7d7
7.Bf1e2 Bg4xe2
8.Ng1xe2 g6
9.O-O Bf8g7
10.Ra1d1 O-O
11.a3 h6
12.Bg5xf6 Bg7xf6
13.e5 Bf6g7
14.Ne2f4 e6
15.Nc3e2 d5
16.b3 Nb8a6
17.Rd1d3 c5
18.c3 cxd4
19.cxd4 Ra8c8
20.Rd3c3 Rc8xc3
21.Ne2xc3 Na6c7
22.a4 a6
23.b4 Rf8c8
24.Rf1a1 b5
25.a5 Nc7e8
26.Nc3e2 Rc8c2
27.Qg3g4 Qd7c6
28.h3 Qc6c4
29.Nf4xe6 fxe6
30.Qg4xe6 Kf8
31.Ne2f4 Rc2c1
32.Ra1xc1 Qc4xc1
33.Kh2 Qc1xf4
34.Kg1 Qf4xd4
35.Qe6xa6 Bg7xe5
36.Qa6xb5 Qd4d1
37.Qb5f1 Be5h2
{ resign }
0-1

[Event "Tourn. n9838"]
[Site "www.echecsemail.com"]
[Date "2018.06.16"]
[Round "1"]
[White "Bojan"]
[Black "Awfen"]
[WhiteElo "2010"]
[BlackElo "2070"]
[Result "1-0"]
[Round "1"]
1.e4 Nb8c6
2.d4 e5
3.d5 Nc6e7
4.c4 Ne7g6
5.a3 Ng8f6
6.Qd1c2 Bf8c5
7.h3 O-O
8.g3 d6
9.Nb1c3 a6
10.b4 Bc5a7
11.Bf1e2 Nf6d7
12.h4 Qd8f6
13.f3 Ra8b8
14.Bc1g5 Qf6xg5
15.hxg5 b5
16.cxb5 axb5
17.Nc3xb5 Ba7b6
18.a4 Bb6e3
19.Ra1b1 Rb8b7
20.Nb5xc7 Nd7c5
21.Nc7b5 Nc5a6
22.Nb5xd6 Rb7c7
23.Qc2d3 Na6xb4
24.Rb1xb4 Be3c5
25.Rb4c4 Bc5xd6
26.Rc4xc7 Bd6xc7
27.Qd3c3 Bc7d6
28.Be2b5 Bc8b7
29.Ng1e2 Rf8c8
30.Qc3d2 Rc8c7
31.O-O Ng6f8
32.Rf1c1 Nf8d7
33.Rc1xc7 Bd6xc7
34.Bb5xd7 { resign }
1-0

[Event "Match"]
[Site "www.echecsemail.com"]
[Date "2018.06.16"]
[Round "1"]
[White "Comrade"]
[Black "Joseph1983"]
[WhiteElo "2310"]
[BlackElo "2160"]
[Result "0-1"]
[Round "1"]
1.c4 e6
2.d4 Ng8f6
3.Nb1c3 Bf8b4
4.e3 b6
5.Bf1d3 Bc8b7
6.Ng1f3 O-O
7.O-O d5
8.Bc1d2 Bb4d6
9.Rf1e1 a6
10.Qd1c2 Nb8d7
11.Nf3g5 h6
12.Ng5f3 dxc4
13.Bd3xc4 c5
14.Bc4e2 Ra8c8
15.Ra1c1 b5
16.dxc5 Nd7xc5
17.Qc2d1 Qd8b6
18.Nf3d4 Rf8d8
 { time }
0-1

[Event "Tourn. n9820"]
[Site "www.echecsemail.com"]
[Date "2018.06.16"]
[Round "1"]
[White "Reignblowcan"]
[Black "Jaroslavpech"]
[WhiteElo "2260"]
[BlackElo "2480"]
[Result "1-0"]
[Round "1"]
1.c4 e5
2.h4 Ng8f6
3.Nb1c3 Nb8c6
4.Ng1f3 d5
5.cxd5 Nf6xd5
6.d3 Bc8g4
7.Bc1d2 Qd8d7
8.Nc3xd5 Qd7xd5
9.Qd1a4 h5
10.Nf3g5 Bf8e7
11.Ra1c1 f6
{ time. }
1-0

[Event "1/32 Finale"]
[Site "www.chess-mail.com"]
[Date "2018.06.16"]
[Round "1"]
[White "Tonino1"]
[Black "Julian"]
[WhiteElo "1950"]
[BlackElo "1870"]
[Result "1-0"]
[Round "1"]
1.d4 d5
2.f4 e6
3.e3 c5
4.c3 Nb8c6
5.Bf1d3 cxd4
6.exd4 f6
7.Qd1h5 Kd7
8.Ng1f3 Qd8e8
9.Qh5xe8 Kxe8
10.O-O Bf8d6
11.g3 Ng8e7
12.b3 Kf7
13.Nf3e5 fxe5
14.fxe5 Ne7f5
15.exd6 Ke8
16.Bc1f4 Bc8d7
17.g4 Nf5h6
18.Bf4xh6 gxh6
19.Nb1d2 e5
20.dxe5 Nc6xe5
21.Ra1e1 Bd7xg4
22.Re1xe5 Kd7
23.Bd3f5 Bg4xf5
24.Rf1xf5 Kxd6
25.Re5xd5 Ke6
26.Nd2e4 Ra8d8
27.Ne4c5 Ke7
28.Rd5xd8 Rh8xd8
29.Nc5xb7 Rd8d2
30.Rf5a5 Kf6
{ time. }
1-0

[Event "Tourn. n9698"]
[Site "www.chess-mail.com"]
[Date "2018.06.17"]
[Round "1"]
[White "Senitram"]
[Black "Szustan"]
[WhiteElo "2660"]
[BlackElo "2600"]
[Result "1-0"]
[Round "1"]
1.Ng1f3 Nb8c6
2.e4 e5
3.Bf1b5 a6
4.Bb5xc6 dxc6
5.O-O Qd8d6
6.d3 f6
7.Bc1e3 Bc8g4
8.Nb1d2 O-O-O
9.h3 Bg4h5
10.Qd1e2 c5
11.a3 Ng8h6
12.Rf1b1 Rh8g8
13.b4 Qd6c6
14.Nd2c4 Bh5f7
15.Nf3d2 b6
16.f3 cxb4
17.axb4 b5
18.Nc4a5 Qc6xc2
19.Rb1c1 Qc2xd3
20.Be3b6 Bf7c4
21.Qe2xd3 Rd8xd3
22.Nd2xc4 bxc4
23.Rc1xc4 Bf8d6
24.Ra1c1 Kd7
25.Bb6xc7 Bd6e7
26.Na5c6 Be7d6
27.Bc7xd6 Rd3xd6
28.Nc6a5 Ke7
29.Rc4c7 Rd6d7
30.Rc7c6 Rg8a8
31.Na5c4 Rd7b7
32.Nc4b6 Ra8b8
33.Nb6d5 Kf8
34.Kf2 Nh6g8
35.Rc6c8 Rb8xc8
36.Rc1xc8 Kf7
37.Rc8c7 Rb7xc7
38.Nd5xc7 Ke7
39.Nc7xa6 Kd6
40.b5 Ng8e7
41.Ke3 Ne7g6
42.b6 Kc6
43.Na6c5 Kxb6
44.Nc5e6 Kc6
45.g3 Kd7
46.Ne6xg7 Ke7
47.Ng7f5 Ke6
48.Kd3 Kd7
49.h4 Ke6
50.Kc4 Kd7
51.Kd5 Ng6f8
52.Nf5h6 Ke7
53.Kc6 Nf8e6
54.Nh6f5 Kf7
55.Kd7 Ne6c5
56.Kd6 Nc5d3
57.h5 Nd3e1
58.Nf5h6 Kg7
59.Nh6g4 Kf7
60.f4 exf4
61.gxf4 { resign }
1-0

[Event "Match"]
[Site "www.echecsemail.com"]
[Date "2018.06.17"]
[Round "1"]
[White "Witpar"]
[Black "Juheset"]
[WhiteElo "2680"]
[BlackElo "1969"]
[Result "1-0"]
[Round "1"]
1.d4 c5
2.d5 e6
3.c4 exd5
4.cxd5 c4
5.Nb1c3 Nb8a6
6.e4 Qd8c7
7.Ng1f3 b6
8.Bf1e2 Bf8d6
9.O-O Ng8f6
10.Nc3b5 Qc7c5
11.Nb5xd6 Qc5xd6
12.e5 Qd6c7
13.exf6 gxf6
14.Qd1d4  { time }
1-0